Countries of the world by picture quiz - C - Statistics

General Stats
  • This quiz has been taken 42 times
  • The average score is 11 of 15
Answer Stats
Picture Answer % Correct
Cuba
94%
Canada
91%
Croatia
86%
Czech Republic
86%
China
83%
Cambodia
80%
Chad
80%
Chile
80%
Colombia
74%
Comoros
74%
Costa Rica
63%
Cyprus
60%
Cameroon
57%
Cape Verde
57%
Central African Republic
57%
No matching quizzes found
Score Distribution
Percent of People with Each Score
Percentile by Number Answered
Your Score History
You have not taken this quiz